[Event "AUTO-OPEN-2313"]
[Site "http://www.queenalice.com/game.php?id=918239"]
[Date "2011.3.27"]
[Round "1"]
[White "catalan"]
[Black "franchouillard"]
[Result "0-1"]
[WhiteElo "1647"]
[BlackElo "2110"]

1. e4 e5 2. Nc3 Nc6 3. Bb5 Nf6 4. d3 Be7 5. Be3 O-O 6. Nf3 d6 7. h3 Bd7 8. Nd5
a6 9. Nxe7+ Qxe7 10. Qd2 axb5 11. g4 Be6 12. g5 Nh5 13. h4 g6 14. b3 Bg4 15. Nh2
Bd7 16. O-O-O Rxa2 17. d4 Rfa8 0-1

[Event "Challenge"]
[Site "http://www.queenalice.com/game.php?id=920218"]
[Date "2011.3.31"]
[Round "-"]
[White "Dsilver"]
[Black "catalan"]
[Result "0-1"]
[WhiteElo "1724"]
[BlackElo "1667"]

1. g3 e5 2. Bg2 c6 3. Nh3 d5 4. O-O g5 5. Kh1 Bg7 6. f3 Be6 7. g4 Nd7 8. c3 Nh6
9. d4 f5 10. Bxg5 Qb6 11. b4 fxg4 12. fxg4 Nxg4 13. Bf3 h5 14. Bxg4 hxg4 15. Ng1
Bf6 16. Bxf6 Nxf6 17. Rxf6 g3 18. Rxe6+ Kf7 19. Rf6+ Kxf6 20. dxe5+ Ke6 21. Nf3
Qe3 22. c4 Rag8 23. cxd5+ cxd5 24. h4 g2+ 25. Kh2 g1=Q+ 26. Qxg1 Rxg1 27. Nxg1
Qxe5+ 28. Kg2 Qxa1 0-1

[Event "AUTO-INT-1886"]
[Site "http://www.queenalice.com/game.php?id=921579"]
[Date "2011.4.4"]
[Round "2"]
[White "Deca10"]
[Black "catalan"]
[Result "1/2-1/2"]
[WhiteElo "1802"]
[BlackElo "1654"]

1. e4 e5 2. Nf3 d6 3. Bc4 Nf6 4. d3 Bg4 5. h3 Bh5 6. O-O Nbd7 7. Nbd2 Be7 8. Qe1
O-O 9. c3 c5 10. a3 h6 11. Nh4 Nxe4 12. Nxe4 Bxh4 13. Nxd6 Nb6 14. Qxe5 Nxc4 15.
Nxc4 Bg6 16. Qxc5 Qxd3 17. Ne5 Qe4 18. Nxg6 fxg6 19. Be3 b6 20. Qd4 Qf5 21. Rad1
Bf6 22. Qd5+ Kh7 23. Qxf5 gxf5 24. f4 Rfe8 25. Bd4 Kg6 26. Bxf6 gxf6 27. Rf2
Rad8 28. Rxd8 Rxd8 29. Kh2 Kh5 30. Kg3 Rd3+ 31. Rf3 Rd2 32. Rf2 Rd3+ 33. Rf3 Rd2
34. Rf2 Rd3+ 1/2-1/2

[Event "AUTO-INT-1886"]
[Site "http://www.queenalice.com/game.php?id=921580"]
[Date "2011.4.4"]
[Round "2"]
[White "catalan"]
[Black "Deca10"]
[Result "0-1"]
[WhiteElo "1630"]
[BlackElo "1796"]

1. e4 e5 2. Nf3 Nf6 3. Bb5 c6 4. Ba4 b5 5. Bb3 a5 6. c3 d6 7. d3 c5 8. Bg5 Be7
9. Nbd2 h6 10. Bh4 Nbd7 11. O-O O-O 12. h3 b4 13. cxb4 axb4 14. Nc4 Nb6 15. Ne3
Be6 16. Bxe6 fxe6 17. Qb3 d5 18. Nxe5 g5 19. Bg3 Kg7 20. Qd1 Nbd7 21. f4 Nxe5
22. fxe5 Nd7 23. exd5 exd5 24. Rxf8 Qxf8 25. Nxd5 Bd8 26. e6 Nf6 27. Be5 Kg8 28.
Qb3 Nxd5 29. Qxd5 Be7 30. Rf1 Qd8 31. Qxd8+ Rxd8 32. Rf3 Ra8 33. Bf6 Kf8 34.
Bxg5+ Ke8 35. Bxh6 Rxa2 36. Rf2 c4 37. dxc4 Bc5 0-1

[Event "Challenge"]
[Site "http://www.queenalice.com/game.php?id=923651"]
[Date "2011.4.8"]
[Round "-"]
[White "catalan"]
[Black "FC"]
[Result "0-1"]
[WhiteElo "1666"]
[BlackElo "1659"]

1. e4 e5 2. f4 Bd6 3. f5 Nf6 4. Nc3 Nc6 5. Bb5 O-O 6. Nf3 a6 7. Bc4 Bc5 8. d3
Ng4 9. Bg5 Qe8 10. h3 Nf2 11. Qe2 Nxh1 12. Bh4 Nd4 13. Nxd4 Bxd4 14. O-O-O b5
15. Bb3 Bxc3 16. bxc3 a5 17. a3 b4 18. a4 bxc3 19. Rxh1 c5 20. g4 d6 21. Qe1 Ba6
22. Qxc3 Qc8 23. Be7 Re8 24. Bxd6 Qc6 25. Bxe5 Qh6+ 26. Kb2 Rac8 27. Bd5 Qb6+
28. Bb3 c4 29. dxc4 Rxc4 0-1

[Event "Challenge"]
[Site "http://www.queenalice.com/game.php?id=926716"]
[Date "2011.4.16"]
[Round "-"]
[White "bumpywater"]
[Black "catalan"]
[Result "1-0"]
[WhiteElo "1741"]
[BlackElo "1621"]

1. e4 e5 2. Nf3 d6 3. Bc4 Bg4 4. h3 Bh5 5. d3 Nf6 6. Nc3 Nbd7 7. g4 Bg6 8. Bg5
Be7 9. Qd2 Nb6 10. Bb3 h6 11. Bh4 Qd7 12. O-O-O a5 13. a3 Nh7 14. Kb1 Nc8 15.
Bxe7 Qxe7 16. Nd5 Qd7 17. Qc3 c6 18. Ne3 b5 19. Nh4 Ne7 20. Nxg6 Nxg6 21. Nf5
O-O 22. d4 b4 23. axb4 axb4 24. Qxb4 Qa7 25. Qa3 exd4 26. Qxa7 Rxa7 27. Nxd4 c5
28. Nb5 Ra5 29. Nxd6 Rfa8 30. c3 Ne5 31. f4 Nc6 32. Bxf7+ Kf8 33. Bg6 Nf6 34. g5
Ra1+ 35. Kc2 Rxd1 36. Rxd1 hxg5 37. fxg5 Ng8 38. Rf1+ Ke7 39. Nf5+ Kd7 40. Nxg7
Nge7 41. Bf5+ Nxf5 42. Rxf5 Ra5 43. g6 1-0

[Event "AUTO-OPEN-2334"]
[Site "http://www.queenalice.com/game.php?id=926848"]
[Date "2011.4.17"]
[Round "1"]
[White "Eduarte"]
[Black "catalan"]
[Result "1-0"]
[WhiteElo "1958"]
[BlackElo "1660"]

1. e4 e5 2. Nf3 d6 3. Bc4 Bg4 4. O-O Qf6 5. Nc3 Ne7 6. d4 Bxf3 7. Qxf3 exd4 8.
Qxf6 gxf6 9. Nb5 Na6 10. Nxd4 Bg7 11. Bxa6 bxa6 12. Be3 O-O 13. c3 f5 14. f3
fxe4 15. fxe4 c5 16. Nf3 Ng6 17. Rae1 Rfe8 18. Bf2 Rab8 19. Bg3 Rxb2 20. Bxd6
Bxc3 21. Rc1 Bd4+ 22. Nxd4 cxd4 23. Rc7 Nh8 24. e5 Rb6 25. Bc5 Rb2 26. Bxd4 Rxa2
27. h3 Rd2 28. Ba1 Re2 29. Kh2 Rf8 30. Rxa7 Ng6 31. Rxa6 Nxe5 32. Rf5 f6 33.
Raxf6 1-0

[Event "AUTO-OPEN-2334"]
[Site "http://www.queenalice.com/game.php?id=926849"]
[Date "2011.4.17"]
[Round "1"]
[White "catalan"]
[Black "diego2907"]
[Result "0-1"]
[WhiteElo "1658"]
[BlackElo "1528"]

1. e4 e5 2. Nf3 d5 3. exd5 Qxd5 4. Nc3 Qd6 5. b3 Bg4 6. Be2 Nd7 7. d3 Bxf3 8.
Bxf3 Ngf6 9. Bxb7 Rb8 10. Bf3 h6 11. Ne4 Nxe4 12. Bxe4 Nf6 13. O-O Be7 14. f4
Qd4+ 15. Kh1 Qxa1 0-1

[Event "AUTO-OPEN-2334"]
[Site "http://www.queenalice.com/game.php?id=926850"]
[Date "2011.4.17"]
[Round "1"]
[White "diego2907"]
[Black "catalan"]
[Result "1-0"]
[WhiteElo "1142"]
[BlackElo "1592"]

1. e4 e5 2. Bc4 Nc6 3. Nf3 d6 4. d3 Bg4 5. h3 Bh5 6. g4 Bg6 7. h4 h6 8. h5 Bh7
9. Bxf7+ Kxf7 10. Rg1 Nf6 11. Nh2 Nd4 12. Nc3 Qe8 13. Be3 Ke7 14. Bxd4 exd4 15.
Nb5 Qxb5 16. b3 Re8 17. Nf3 Kd7 18. Kf1 g6 19. Nxd4 Qa6 20. f3 g5 21. a4 Bg7 22.
Nf5 Bf8 23. Nd4 Bg7 24. c3 Rhf8 25. a5 Nxe4 26. Kg2 Nxc3 27. Qc2 Qxd3 28. Qxd3
Bxd3 29. Nf5 Bxf5 30. Rgc1 Bd3 31. Rxc3 1-0

[Event "AUTO-OPEN-2334"]
[Site "http://www.queenalice.com/game.php?id=926851"]
[Date "2011.4.17"]
[Round "1"]
[White "catalan"]
[Black "lrmaster"]
[Result "0-1"]
[WhiteElo "1656"]
[BlackElo "2162"]

1. e4 e5 2. c3 Nf6 3. d3 Bc5 4. Bg5 h6 5. Bh4 O-O 6. Be2 d6 7. Nd2 Nc6 8. d4
exd4 9. Nb3 dxc3 10. bxc3 Bb6 11. Nd2 Ne5 12. Ngf3 Ng6 13. Bg3 Bd7 14. O-O Bc6
15. e5 dxe5 16. Nxe5 Nxe5 17. Bxe5 Re8 18. Bg3 Nd5 19. Nb1 Qf6 20. Na3 Nxc3 21.
Qc2 Nxe2+ 22. Kh1 Nxg3+ 23. fxg3 Qg5 24. Rf5 Qg6 25. Rf2 Bxf2 26. Qxf2 a6 0-1

[Event "AUTO-OPEN-2334"]
[Site "http://www.queenalice.com/game.php?id=926852"]
[Date "2011.4.17"]
[Round "1"]
[White "lrmaster"]
[Black "catalan"]
[Result "1-0"]
[WhiteElo "2168"]
[BlackElo "1627"]

1. g3 d5 2. d4 Bf5 3. Bg2 c6 4. Nc3 Nf6 5. Nf3 Nbd7 6. O-O h5 7. Re1 e6 8. a3
Ng4 9. e3 g5 10. h3 Ngf6 11. Nxg5 Qc7 12. Nf3 O-O-O 13. Ne2 Ne4 14. Nf4 Re8 15.
Nh4 Bh7 16. Qxh5 Ndf6 17. Qd1 Be7 18. Nf3 Reg8 19. Ne5 Bd6 20. Ng4 Nxg4 21. hxg4
Nf6 22. f3 Nd7 23. b4 e5 24. dxe5 Nxe5 25. Bb2 Re8 26. Kf2 Rhg8 27. Rh1 f6 28.
Bf1 Re7 29. Bd3 Bxd3 30. cxd3 Reg7 31. Ne6 Nxg4+ 32. fxg4 Bxg3+ 33. Ke2 Qe7 34.
Nxg7 1-0

[Event "AUTO-OPEN-2208"]
[Site "http://www.queenalice.com/game.php?id=928363"]
[Date "2011.4.21"]
[Round "2"]
[White "catalan"]
[Black "gmvilela"]
[Result "0-1"]
[WhiteElo "1662"]
[BlackElo "2095"]

1. e4 c5 2. c3 Nf6 3. d3 Nc6 4. Be2 d5 5. exd5 Nxd5 6. Nf3 e5 7. Bg5 Qc7 8. Nbd2
h6 9. Bh4 Bf5 10. Nc4 Bd6 11. Nxd6+ Qxd6 12. Bg3 O-O 13. O-O Nf4 14. Bxf4 exf4
15. Nh4 Bh7 16. Qb3 g5 17. Nf3 g4 18. Nh4 Qe7 19. g3 Qxe2 20. gxf4 Qxd3 21. Rad1
Qh3 22. Ng2 Be4 23. Ne3 Qf3 0-1

[Event "AUTO-OPEN-2208"]
[Site "http://www.queenalice.com/game.php?id=928364"]
[Date "2011.4.21"]
[Round "2"]
[White "gmvilela"]
[Black "catalan"]
[Result "1-0"]
[WhiteElo "2117"]
[BlackElo "1660"]

1. e4 e5 2. Nf3 Nc6 3. Bc4 d6 4. h3 Be7 5. d4 exd4 6. Nxd4 Nf6 7. Nc3 O-O 8. O-O
h6 9. Bf4 Nh7 10. Nd5 Bf6 11. c3 a6 12. a4 Ng5 13. Re1 Re8 14. Bxg5 Bxg5 15. f4
Nxd4 16. cxd4 Bf6 17. Qd3 c6 18. Nxf6+ gxf6 19. e5 d5 20. Bb3 Qd7 21. Bc2 f5 22.
g4 fxg4 23. Qh7+ Kf8 24. Qh8+ Ke7 25. Qf6+ Kf8 26. Qxh6+ Ke7 27. Qh4+ Kf8 28. f5
Qe7 29. Qh8# 1-0

[Event "AUTO-OPEN-2208"]
[Site "http://www.queenalice.com/game.php?id=928365"]
[Date "2011.4.21"]
[Round "2"]
[White "catalan"]
[Black "Rubens2009"]
[Result "0-1"]
[WhiteElo "1685"]
[BlackElo "1927"]

1. e4 c5 2. c3 e6 3. Nf3 a6 4. d4 Nc6 5. Be3 Nf6 6. Bd3 Ng4 7. dxc5 Nxe3 8. Qe2
Nxg2+ 9. Kd2 Nf4 10. Qe3 Nxd3 11. Qxd3 Bxc5 12. Rg1 g6 13. b4 Bb6 14. Nd4 Nxd4
15. cxd4 Qf6 16. Ke3 O-O 17. Nc3 e5 18. Ne2 exd4+ 19. Nxd4 Re8 20. f3 d5 21. Rg4
Bxg4 0-1

[Event "Challenge"]
[Site "http://www.queenalice.com/game.php?id=929771"]
[Date "2011.4.24"]
[Round "-"]
[White "catalan"]
[Black "SalsaQueen"]
[Result "1-0"]
[WhiteElo "1618"]
[BlackElo "1589"]

1. e4 e5 2. Bc4 Nf6 3. Nc3 d6 4. Nf3 h6 5. d4 exd4 6. Nxd4 c5 7. Bb5+ Bd7 8.
Bxd7+ Nbxd7 9. Ndb5 Qb6 10. O-O O-O-O 11. a4 a6 12. Na3 Ne5 13. Be3 Nfg4 14. b3
Nxe3 15. fxe3 Ng4 16. Qxg4+ Kb8 17. Nd5 Qa5 18. Nc4 h5 19. Nxa5 hxg4 20. Rxf7
1-0

[Event "Va, que fa temps que no juguem!"]
[Site "http://www.queenalice.com/game.php?id=934469"]
[Date "2011.5.5"]
[Round "-"]
[White "Fura"]
[Black "catalan"]
[Result "1-0"]
[WhiteElo "1845"]
[BlackElo "1625"]

1. d4 d5 2. c4 c6 3. Nf3 Bg4 4. Qb3 b6 5. cxd5 cxd5 6. Nbd2 Nf6 7. e3 e6 8. h3
Bh5 9. Bb5+ Nbd7 10. Ne5 a6 11. Nxd7 Nxd7 12. Bxd7+ Kxd7 13. O-O Be2 14. Re1 Bb5
15. e4 dxe4 16. Nxe4 Bc6 17. Ng5 Bd5 18. Qd1 Qf6 19. f3 h6 20. Ne4 Qg6 21. Re2
Rc8 22. Qa4+ Bc6 23. Qxa6 b5 24. Bf4 e5 25. Bxe5 Ra8 26. Qb6 Be7 27. d5 Rhc8 28.
dxc6+ 1-0

[Event "OS INCLIVEIS"]
[Site "http://www.queenalice.com/game.php?id=962022"]
[Date "2011.7.19"]
[Round "-"]
[White "adelio"]
[Black "catalan"]
[Result "1-0"]
[WhiteElo "1613"]
[BlackElo "1614"]

1. c4 c6 2. b4 e5 3. c5 b6 4. Qc2 g6 5. e4 Nf6 6. d3 Ba6 7. h3 h5 8. Bg5 Be7 9.
Bxf6 Bxf6 10. g3 d6 11. Nf3 1-0